000 009830am a22002890004500
008 700311s1968 enkb b 001 0 eng
010 _a 70442584
040 _aDLC
_cDLC
_dDLC
050 0 0 _aDS777.55
_b.S347 1968
092 0 4 _a915.1035
_bS394
_221
099 _a04
_a915.1035 S394
100 1 _aSchurmann, Franz,
_d1924-
245 1 0 _aCommunist China:
_brevolutionary reconstruction and international confrontation 1949 to the present;
_cedited, annotated, and with introductions by Franz Schurmann and Orville Schell.
260 _aHarmondsworth,
_bPenguin,
_c1968.
300 _axxxiii, 647 p.
_bmap.
_c19 cm.
440 0 _aChina readings,
_v3
490 0 _aPelican books, A924.
500 _aMap on lining paper.
504 _aBibliography: p. 627-268.
651 0 _aChina.
700 1 _aSchell, Orville.
902 _a1
905 _aEman
_eRev
905 _aEsraa
_eCat
942 _2ddc
_cBK
999 _c106946
_d106946